| 000 | 00378nam a2200169Ia 4500 | ||
|---|---|---|---|
| 100 | _aSay/M.G | ||
| 650 | _aAC Machines | ||
| 942 | _cBK | ||
| 366 | _f20 | ||
| 654 | _aAC Machines | ||
| 245 | _aPerformance and design of Alternating Current Machines | ||
| 260 |
_bCBS Publishers _c1983 |
||
| 082 |
_a621.3133/SAY _bSAY |
||
| 300 | _a664 | ||
| 546 | _aENGLISH | ||
| 999 |
_c25884 _d25884 |
||